000 00226 a2200097 4500
001 1490
100 _aAlmen, J.O
245 _aResidual stresses and fatgue in metals
260 _aLondon
_bMcgrawhill
_c1963
090 _c1033
_d1033
942 _aNUST-CAE
_cM
_c370
999 _c236563
_d236563